The pluralistic predicament / (Record no. 301)

MARC details
000 -LEADER
fixed length control field 00936nam a2200301 a 4500
001 - CONTROL NUMBER
control field 3956655
003 - CONTROL NUMBER IDENTIFIER
control field GBCCL
005 - DATE AND TIME OF LATEST TRANSACTION
control field 20241126110335.0
008 - FIXED-LENGTH DATA ELEMENTS--GENERAL INFORMATION
fixed length control field 930820s1992 ii b 000 0 eng
010 ## -
-- 93904060
020 ## - INTERNATIONAL STANDARD BOOK NUMBER
Terms of availability Rs64.00
025 ## - OVERSEAS ACQUISITION NUMBER
Overseas acquisition number I-E-71782
040 ## - CATALOGING SOURCE
Original cataloging agency DLC
Transcribing agency DLC
Modifying agency DLC
050 00 -
-- BR127
-- .G56 1992
082 00 - DEWEY DECIMAL CLASSIFICATION NUMBER
Classification number 261.201
Edition information 20
Item number GNA
100 1# - MAIN ENTRY--PERSONAL NAME
Personal name Gnanakan, Ken.
9 (RLIN) 258
245 14 - TITLE STATEMENT
Title The pluralistic predicament /
Statement of responsibility, etc. Ken Gnanakan.
260 ## - PUBLICATION, DISTRIBUTION, ETC.
Place of publication, distribution, etc. Bangalore, India :
Name of publisher, distributor, etc. Theological Book Trust,
Date of publication, distribution, etc. 1992.
300 ## - PHYSICAL DESCRIPTION
Extent viii, 234 p. ;
Dimensions 23 cm.
440 #0 - SERIES STATEMENT/ADDED ENTRY--TITLE
Title Theological issues series ;
Volume/sequential designation no. 1
9 (RLIN) 259
504 ## - BIBLIOGRAPHY, ETC. NOTE
Bibliography, etc. note Includes bibliographical references (p. [229]-234).
650 #0 - SUBJECT ADDED ENTRY--TOPICAL TERM
Topical term or geographic name entry element Christianity and other religions.
9 (RLIN) 12
650 #0 - SUBJECT ADDED ENTRY--TOPICAL TERM
Topical term or geographic name entry element Religious pluralism.
9 (RLIN) 260
650 #0 - SUBJECT ADDED ENTRY--TOPICAL TERM
Topical term or geographic name entry element Religions.
9 (RLIN) 261
906 ## - LOCAL DATA ELEMENT F, LDF (RLIN)
a 7
b cbc
c orignew
d 2
e ncip
f 19
g y-gencatlg
942 ## - ADDED ENTRY ELEMENTS (KOHA)
Source of classification or shelving scheme Dewey Decimal Classification
Koha item type Books
Koha issues (borrowed), all copies 2
Holdings
Withdrawn status Lost status Source of classification or shelving scheme Damaged status Not for loan Home library Current Library Shelving location Date acquired Total checkouts Full call number Barcode Date last seen Copy number Price effective from Koha item type Date last checked out
    Dewey Decimal Classification     GRACE BIBLE COLLEGE GRACE BIBLE COLLEGE Ministry & Mission 2016-10-17   261.201 GNA 003749 2025-05-01 c.1 2016-10-17 Books  
    Dewey Decimal Classification     GRACE BIBLE COLLEGE GRACE BIBLE COLLEGE Ministry & Mission 2016-10-21   261.201 GNA 003753 2025-05-01 c.2 2016-10-21 Books  
    Dewey Decimal Classification     GRACE BIBLE COLLEGE GRACE BIBLE COLLEGE Ministry & Mission 2016-10-21 1 261.201 GNA 003754 2025-05-01 c.3 2016-10-21 Books 2022-10-07
    Dewey Decimal Classification     GRACE BIBLE COLLEGE GRACE BIBLE COLLEGE Ministry & Mission 2022-06-21 1 261.201 GNA 004041 2025-05-01 c.4 2022-06-21 Books 2022-10-03
© Grace Bible College Library 2025